Fundamentals of operations research for management : (Record no. 3320)
[ view plain ]
| 000 -LEADER | |
|---|---|
| fixed length control field | nam a22 a 4500 |
| 003 - CONTROL NUMBER IDENTIFIER | |
| control field | AKMAL |
| 005 - DATE AND TIME OF LATEST TRANSACTION | |
| control field | 20170522113724.0 |
| 008 - FIXED-LENGTH DATA ELEMENTS--GENERAL INFORMATION | |
| fixed length control field | 170522b1975 cau 000 eng d |
| 020 ## - INTERNATIONAL STANDARD BOOK NUMBER | |
| International Standard Book Number | 0816234760 |
| 040 ## - CATALOGING SOURCE | |
| Original cataloging agency | AKMAL |
| 082 ## - DEWEY DECIMAL CLASSIFICATION NUMBER | |
| Classification number | 658.403 GUP |
| 090 ## - LOCALLY ASSIGNED LC-TYPE CALL NUMBER (OCLC); LOCAL CALL NUMBER (RLIN) | |
| Classification number (OCLC) (R) ; Classification number, CALL (RLIN) (NR) | 658.403 |
| Local cutter number (OCLC) ; Book number/undivided call number, CALL (RLIN) | GUP |
| 100 1# - MAIN ENTRY--PERSONAL NAME | |
| Personal name | Gupta, Shiv K, |
| Dates associated with a name | 1930- |
| 9 (RLIN) | 6746 |
| 245 10 - TITLE STATEMENT | |
| Title | Fundamentals of operations research for management : |
| Remainder of title | an introduction to quantitative methods / |
| Statement of responsibility, etc. | Shiv K. Gupta and John M. Cozzolino. |
| 260 ## - PUBLICATION, DISTRIBUTION, ETC. | |
| Place of publication, distribution, etc. | San Francisco : |
| Name of publisher, distributor, etc. | Holden-Day, |
| Date of publication, distribution, etc. | 1975. |
| 300 00 - PHYSICAL DESCRIPTION | |
| Extent | 405p. : |
| Other physical details | graphs. |
| Dimensions | cm |
| 650 ## - SUBJECT ADDED ENTRY--TOPICAL TERM | |
| Topical term or geographic name entry element | Operations research |
| 9 (RLIN) | 6725 |
| 650 ## - SUBJECT ADDED ENTRY--TOPICAL TERM | |
| Topical term or geographic name entry element | Management |
| General subdivision | Mathematical models |
| 9 (RLIN) | 6729 |
| 700 0# - ADDED ENTRY--PERSONAL NAME | |
| Personal name | Cozzolino, John M. |
| 9 (RLIN) | 6747 |
| 942 ## - ADDED ENTRY ELEMENTS (KOHA) | |
| Source of classification or shelving scheme | |
| Koha item type | Book |
| Withdrawn status | Lost status | Source of classification or shelving scheme | Damaged status | Not for loan | Collection code | Home library | Current library | Shelving location | Date acquired | Inventory number | Total Checkouts | Full call number | Barcode | Date last seen | Price effective from | Koha item type |
|---|---|---|---|---|---|---|---|---|---|---|---|---|---|---|---|---|
| NON-FICTION | AKMAL Melaka | AKMAL Melaka | PINJAMAN | 22.05.2017 | 600940 | 658.403 GUP | 201704168 | 22.05.2017 | 22.05.2017 | Book |
